000 00264nam a22001217a 4500
003 SGT
082 _a621.382 BEA
100 _aBEASLEY,JEFFREY S.
245 _aMODERN ELECTRONICS COMMUNICATION
250 _a8th
260 _aNEW DELHI
_bPHI
_c2006
942 _2ddc
_cCD
999 _c11240
_d11240